El pensamiento europeo de descartes a kant /
Guardado en:
| Autor Principal: | |
|---|---|
| Formato: | Libro |
| Publicado: |
M'xico :
Fondo de cultura econ¢mica,
1984
|
| Series: | Brevarios, 370
|
| Materias: | |
| Etiquetas: |
Agregar Etiqueta
Sin Etiquetas, Sea el primero en etiquetar este registro!
|
| LEADER | 00520nam a22001815a 4500 | ||
|---|---|---|---|
| 001 | CEM.cems005486 | ||
| 005 | 20060221000000.0 | ||
| 008 | 130507s1984##################000#0#####d | ||
| 003 | CEMS | ||
| 082 | 0 | 4 | |a 940.26 |
| 100 | 1 | |a Robinet, André | |
| 245 | 1 | 0 | |a El pensamiento europeo de descartes a kant / |
| 260 | |a M'xico : |b Fondo de cultura econ¢mica, |c 1984 | ||
| 300 | |a 146 p. | ||
| 490 | 0 | |a Brevarios, 370 | |
| 653 | |a Historia | ||
| 653 | |a Pensamiento europeo | ||
| 859 | |a CEMS |b BIB. CEMS - 11 de abril |h 940.26 |i R552 |p 14424.87 |t Ej.1 | ||
